<?xml version="1.0" encoding="UTF-8"?>
<record
    xmlns:xsi="http://www.w3.org/2001/XMLSchema-instance"
    xsi:schemaLocation="http://www.loc.gov/MARC21/slim http://www.loc.gov/standards/marcxml/schema/MARC21slim.xsd"
    xmlns="http://www.loc.gov/MARC21/slim">

  <leader>00778    a2200205   4500</leader>
  <controlfield tag="001">134321</controlfield>
  <datafield tag="020" ind1=" " ind2=" ">
    <subfield code="a">85-02-02684-4</subfield>
  </datafield>
  <datafield tag="040" ind1=" " ind2=" ">
    <subfield code="c">Leonardo Da Vinci</subfield>
  </datafield>
  <datafield tag="041" ind1=" " ind2=" ">
    <subfield code="a">Portugu&#xEA;s</subfield>
  </datafield>
  <datafield tag="082" ind1=" " ind2=" ">
    <subfield code="a">372.23 L967v</subfield>
    <subfield code="b">L967v</subfield>
  </datafield>
  <datafield tag="100" ind1=" " ind2=" ">
    <subfield code="a">LUCCI, Elian Alabi</subfield>
  </datafield>
  <datafield tag="245" ind1=" " ind2=" ">
    <subfield code="a">Viver e aprender</subfield>
    <subfield code="b">hist&#xF3;ria e geografia</subfield>
  </datafield>
  <datafield tag="250" ind1=" " ind2=" ">
    <subfield code="a">v.3</subfield>
  </datafield>
  <datafield tag="260" ind1=" " ind2=" ">
    <subfield code="b">Saraiva</subfield>
    <subfield code="c">1998</subfield>
    <subfield code="a">S&#xE3;o Paulo</subfield>
  </datafield>
  <datafield tag="300" ind1=" " ind2=" ">
    <subfield code="a">112</subfield>
  </datafield>
  <datafield tag="362" ind1=" " ind2=" ">
    <subfield code="a">19980000</subfield>
  </datafield>
  <datafield tag="500" ind1=" " ind2=" ">
    <subfield code="a">Douglas Galindo e Teresa Senda (Ilustra&#xE7;&#xE3;o)</subfield>
    <subfield code="a">Livro do Professor</subfield>
  </datafield>
  <datafield tag="697" ind1=" " ind2=" ">
    <subfield code="a">Estudos Sociais</subfield>
    <subfield code="a">Hist&#xF3;ria</subfield>
    <subfield code="a">Geografia</subfield>
    <subfield code="a">Munic&#xED;pio</subfield>
    <subfield code="a">Zona Rural</subfield>
    <subfield code="a">Zona Urbana</subfield>
    <subfield code="a">Paisagem</subfield>
    <subfield code="a">Relevo</subfield>
    <subfield code="a">&#xC1;gua</subfield>
    <subfield code="a">Clima</subfield>
    <subfield code="a">Vegeta&#xE7;&#xE3;o</subfield>
    <subfield code="a">Hist&#xF3;ria</subfield>
    <subfield code="a">Documentos</subfield>
    <subfield code="a">Governo</subfield>
    <subfield code="a">Leis</subfield>
    <subfield code="a">Popula&#xE7;&#xE3;o</subfield>
    <subfield code="a">Trabalho</subfield>
    <subfield code="a">Agricultura</subfield>
    <subfield code="a">Pecu&#xE1;ria</subfield>
    <subfield code="a">Extrativismo</subfield>
    <subfield code="a">Ind&#xFA;stria</subfield>
    <subfield code="a">Ensino fundamental 1. Ciclo</subfield>
  </datafield>
  <datafield tag="942" ind1=" " ind2=" ">
    <subfield code="c">BK</subfield>
  </datafield>
  <datafield tag="952" ind1=" " ind2=" ">
    <subfield code="0">0</subfield>
    <subfield code="1">0</subfield>
    <subfield code="4">0</subfield>
    <subfield code="7">0</subfield>
    <subfield code="a">71.1</subfield>
    <subfield code="b">71.1</subfield>
    <subfield code="d">2024-03-27</subfield>
    <subfield code="l">0</subfield>
    <subfield code="o">372.23 L967v</subfield>
    <subfield code="p">O002126</subfield>
    <subfield code="r">2024-03-27 22:33:44</subfield>
    <subfield code="w">2024-03-27</subfield>
    <subfield code="y">BK</subfield>
  </datafield>
  <datafield tag="999" ind1=" " ind2=" ">
    <subfield code="c">134321</subfield>
    <subfield code="d">134321</subfield>
  </datafield>
</record>
